| 000 | 00362nam a22001697a 4500 | ||
|---|---|---|---|
| 003 | UA-OsUOA | ||
| 001 | 1006 | ||
| 007 | ta | ||
| 008 | 20050721b un ||||| |||| 00| 0 ukr d | ||
| 100 | _aRippa | ||
| 700 | _aS. A. | ||
| 942 | _cBK | ||
| 040 |
_aUA-OsUOA _cUA-OsUOA _dUA-OsUOA |
||
| 245 |
_aEducation in a Free Society. _bEducation |
||
| 955 | _a2 | ||
| 650 | 7 | _2UDC | |
| 999 |
_c287168 _d287168 |
||